[Event "Kingston Invitational FIDE"]
[Site "Kingston University"]
[Date "2023.07.28"]
[Round "9.1"]
[White "Josse, Mark"]
[Black "Varney, Zoe"]
[Result "1/2-1/2"]
[WhiteElo "2175"]
[BlackElo "2020"]
[PlyCount "148"]
[EventDate "2023.07.24"]
[EventType "tourn"]
[EventRounds "9"]
[EventCountry "ENG"]
[SourceTitle "BritBase"]
[Source "John Saunders"]
[SourceDate "2023.07.31"]
[SourceVersion "1"]
[SourceVersionDate "2023.07.31"]
[SourceQuality "1"]

1. Nf3 d5 2. g3 Nf6 3. Bg2 g6 4. O-O Bg7 5. c4 e6 6. d4 O-O 7. Nc3 b6 8. cxd5
exd5 9. Ne5 Bb7 10. Qb3 Ne4 11. Nxe4 dxe4 12. Bf4 Bd5 13. Qc2 g5 14. Be3 f6 15.
Nc4 f5 16. f3 exf3 17. Bxf3 f4 18. gxf4 gxf4 19. Bf2 Nc6 20. Rad1 Nxd4 21. Bxd4
Bxf3 22. Bxg7 Qg5+ 23. Kf2 Qg2+ 24. Ke1 Be4 25. Rf2 Qg1+ 26. Rf1 Qxf1+ 27. Kxf1
Bxc2 28. Rd7 Rf7 29. Rxf7 Kxf7 30. Be5 f3 31. Bxc7 Ke6 32. Ne3 fxe2+ 33. Kxe2
Be4 34. Bg3 Rd8 35. b3 Bb1 36. a4 Rd3 37. Bb8 a6 38. a5 bxa5 39. Bc7 Rxb3 40.
Bxa5 Rb2+ 41. Bd2 Rxd2+ 42. Kxd2 Ke5 43. Ng4+ Kf5 44. Nh6+ Kg6 45. Ng4 Kg5 46.
Ne5 Kh4 47. Nf3+ Kg4 48. Ke3 a5 49. h3+ Kf5 50. Nd4+ Kg5 51. Nf3+ Kh5 52. Kd4
a4 53. Kc3 a3 54. Kb3 a2 55. Kb2 Be4 56. Nd2 Bd5 57. Nf1 Kg5 58. Nh2 h5 59. Ng4
Be6 60. Nf2 Kf4 61. h4 Bc4 62. Ka1 Kf3 63. Nd1 Bb3 64. Nc3 Be6 65. Kb2 Bc4 66.
Ka1 Ke3 67. Kb2 Kd4 68. Nxa2 Bxa2 69. Kxa2 Ke3 70. Kb2 Kf2 71. Kc2 Kg3 72. Kd2
Kxh4 73. Ke2 Kg3 74. Kf1 Kf3 1/2-1/2

[Event "Kingston Invitational FIDE"]
[Site "Kingston University"]
[Date "2023.07.28"]
[Round "9.2"]
[White "Willmoth, Robert F"]
[Black "Bergsson, Stefan"]
[Result "1/2-1/2"]
[WhiteElo "2129"]
[BlackElo "2169"]
[PlyCount "32"]
[EventDate "2023.07.24"]
[EventType "tourn"]
[EventRounds "9"]
[EventCountry "ENG"]
[SourceTitle "BritBase"]
[Source "John Saunders"]
[SourceDate "2023.07.31"]
[SourceVersion "1"]
[SourceVersionDate "2023.07.31"]
[SourceQuality "1"]

1. Nf3 Nf6 2. e3 g6 3. d4 Bg7 4. c4 O-O 5. Be2 c5 6. O-O cxd4 7. Nxd4 Nc6 8.
Nc3 d6 9. b3 Bd7 10. Bb2 Qa5 11. Rc1 Rfc8 12. Bf3 Rab8 13. Nxc6 Bxc6 14. Bxc6
bxc6 15. Na4 c5 16. Qc2 Rb7 1/2-1/2

[Event "Kingston Invitational FIDE"]
[Site "Kingston University"]
[Date "2023.07.28"]
[Round "9.3"]
[White "Makepeace, Philip J"]
[Black "Johnson, Daniel"]
[Result "1/2-1/2"]
[WhiteElo "2055"]
[BlackElo "2224"]
[PlyCount "47"]
[EventDate "2023.07.24"]
[EventType "tourn"]
[EventRounds "9"]
[EventCountry "ENG"]
[SourceTitle "BritBase"]
[Source "John Saunders"]
[SourceDate "2023.07.31"]
[SourceVersion "1"]
[SourceVersionDate "2023.07.31"]
[SourceQuality "1"]

1. e4 e5 2. Nf3 Nc6 3. d4 exd4 4. Nxd4 Nf6 5. Nc3 Bb4 6. Nxc6 bxc6 7. Bd3 O-O
8. O-O d5 9. exd5 Bg4 10. f3 Bh5 11. Bg5 cxd5 12. Bxf6 Qxf6 13. Nxd5 Bc5+ 14.
Kh1 Qxb2 15. Rb1 Qe5 16. f4 Bxd1 17. fxe5 Bg4 18. Rf4 Be6 19. Nxc7 Rab8 20.
Rxb8 Rxb8 21. Nxe6 Rb1+ 22. Rf1 Rxf1+ 23. Bxf1 fxe6 24. g3 1/2-1/2

[Event "Kingston Invitational FIDE"]
[Site "Kingston University"]
[Date "2023.07.28"]
[Round "9.4"]
[White "Healey, Michael W"]
[Black "Seymour, Timothy P"]
[Result "1/2-1/2"]
[WhiteElo "2136"]
[BlackElo "2086"]
[PlyCount "57"]
[EventDate "2023.07.24"]
[EventType "tourn"]
[EventRounds "9"]
[EventCountry "ENG"]
[SourceTitle "BritBase"]
[Source "John Saunders"]
[SourceDate "2023.07.31"]
[SourceVersion "1"]
[SourceVersionDate "2023.07.31"]
[SourceQuality "1"]

1. e4 e5 2. Nf3 Nc6 3. Nc3 Nf6 4. g3 d5 5. exd5 Nxd5 6. Bg2 Nxc3 7. bxc3 Bd6 8.
O-O O-O 9. Re1 Bf5 10. Rb1 Rb8 11. d3 Qd7 12. Be3 Rfe8 13. Ng5 Bf8 14. c4 h6
15. Ne4 Bb4 16. Rf1 Bg4 17. f3 Bh5 18. g4 Bg6 19. Kh1 Bxe4 20. fxe4 g5 21. c5
b6 22. Rxb4 Nxb4 23. Qd2 bxc5 24. Bxg5 hxg5 25. Qxg5+ Kf8 26. Qh6+ Kg8 27. Qg5+
Kf8 28. Qh6+ Kg8 29. Qg5+ 1/2-1/2

[Event "Kingston Invitational FIDE"]
[Site "Kingston University"]
[Date "2023.07.28"]
[Round "9.5"]
[White "Taylor, William J"]
[Black "Hill, Alistair"]
[Result "0-1"]
[WhiteElo "1985"]
[BlackElo "2173"]
[PlyCount "104"]
[EventDate "2023.07.24"]
[EventType "tourn"]
[EventRounds "9"]
[EventCountry "ENG"]
[SourceTitle "BritBase"]
[Source "John Saunders"]
[SourceDate "2023.07.31"]
[SourceVersion "1"]
[SourceVersionDate "2023.07.31"]
[SourceQuality "1"]

1. e4 c6 2. d4 d5 3. exd5 cxd5 4. Bd3 Nc6 5. c3 Nf6 6. h3 g6 7. Nf3 Bf5 8. O-O
Bxd3 9. Qxd3 Bg7 10. Bf4 O-O 11. Nbd2 a6 12. Ne5 Nd7 13. Nxd7 Qxd7 14. Nb3 b6
15. Rad1 Rfc8 16. Rfe1 e6 17. Qe2 Ra7 18. Nc1 Na5 19. Nd3 Qb5 20. Rc1 Qa4 21.
b3 Qd7 22. Nb2 h5 23. g4 hxg4 24. hxg4 Nb7 25. Nd3 Nd6 26. Bxd6 Qxd6 27. Ne5 a5
28. Qe3 a4 29. b4 Rac7 30. f4 Bxe5 31. fxe5 Qe7 32. g5 Kg7 33. Kg2 Rh8 34. Rh1
Rcc8 35. a3 Rh5 36. Rxh5 gxh5 37. Kg3 Qc7 38. Qf3 Qc4 39. Kh4 Qa2 40. Rh1 Qc2
41. Rh3 Qf5 42. Rg3 Rh8 43. Qg2 Qf4+ 44. Kh3 h4 45. Rf3 Qc1 46. Qf2 Rf8 47. g6
Qh1+ 48. Kg4 Kxg6 49. Rf6+ Kg7 50. Qf4 Qg2+ 51. Kh5 Rh8+ 52. Rh6 Qg6+ {time}
0-1